[Event "FESTIVAL ACCADEMIA 200"]
[Site "?"]
[Date "2019.04.30"]
[Round "8"]
[White "ROBERTI, BRUNO."]
[Black "CASTELLANO, LORENZO."]
[Result "1-0"]
[WhiteElo "1850"]
[BlackElo "1841"]
[PlyCount "45"]

1. d4 Nf6 2. Nf3 g6 3. c4 Bg7 4. g3 O-O 5. Bg2 d6 6. Nc3 Nbd7 7. O-O e5 8. e4
c6 9. h3 Re8 10. Be3 exd4 11. Nxd4 Nc5 12. Qc2 a5 13. Rfe1 Qe7 14. Rad1 a4 15.
b3 axb3 16. axb3 Na6 17. Qd2 Rd8 18. Bg5 Qe5 19. Nf3 Qa5 20. e5 Nc5 21. Bxf6
Bxf6 22. exf6 Nxb3 23. Qh6 1-0

[Event "FESTIVAL ACCADEMIA 200"]
[Site "?"]
[Date "2019.05.01"]
[Round "9"]
[White "RAUSIS, IGORS."]
[Black "MARINO, GIOVANNI."]
[Result "1-0"]
[WhiteElo "2653"]
[BlackElo "1998"]
[PlyCount "65"]

1. Nf3 Nf6 2. g3 b6 3. Bg2 Bb7 4. O-O e6 5. c4 Be7 6. d4 O-O 7. Nc3 Ne4 8. Bd2
Bf6 9. Rc1 d6 10. Be1 c5 11. Qc2 Nxc3 12. Bxc3 g6 13. Rfd1 cxd4 14. Nxd4 Bxg2
15. Kxg2 a6 16. h4 Qd7 17. Qe4 Ra7 18. Nf3 Bxc3 19. Rxc3 Rd8 20. h5 Qc6 21. Qh4
Qe8 22. Rcd3 Rad7 23. Ng5 Qe7 24. hxg6 fxg6 25. Rf3 Rf8 26. Rxf8+ Kxf8 27. Rd3
Kg8 28. Rf3 Nc6 29. Rf7 Qxf7 30. Nxf7 Rxf7 31. Qe4 Na5 32. Qa8+ Kg7 33. Qxa6
1-0

[Event "FESTIVAL ACCADEMIA 200"]
[Site "?"]
[Date "2019.05.01"]
[Round "9"]
[White "ARIGONI, BRUNO."]
[Black "ALBERTINI, LUCA."]
[Result "0-1"]
[WhiteElo "1964"]
[BlackElo "2151"]
[PlyCount "50"]

1. e4 e5 2. Nf3 Nc6 3. Bc4 Bc5 4. c3 Nf6 5. d3 a6 6. b4 Ba7 7. a4 O-O 8. Be3 d5
9. exd5 Nxd5 10. Bxa7 Rxa7 11. g3 Bh3 12. Nfd2 Nf6 13. Na3 Ng4 14. Qe2 b5 15.
Ba2 Ne7 16. Nf1 Nd5 17. Qd2 c5 18. Ne3 cxb4 19. cxb4 Ndxe3 20. fxe3 Rc7 21.
axb5 Qa8 22. e4 Qa7 23. Nc4 axb5 24. Nxe5 Qd4 25. Ke2 Qf2+ 0-1

[Event "FESTIVAL ACCADEMIA 200"]
[Site "?"]
[Date "2019.05.01"]
[Round "9"]
[White "COSTABILE, VINCENZO."]
[Black "PUGLIA, FRANCESCO."]
[Result "1-0"]
[WhiteElo "1838"]
[BlackElo "1854"]
[PlyCount "95"]

1. e4 c5 2. Nf3 d6 3. d4 cxd4 4. Nxd4 Nf6 5. Nc3 a6 6. Bg5 Nbd7 7. Be2 h6 8.
Be3 Qc7 9. O-O e5 10. Nb3 b5 11. f4 Bb7 12. Bf3 Be7 13. a3 g5 14. fxe5 Nxe5 15.
Bd4 O-O-O 16. a4 b4 17. Nd5 Nxd5 18. exd5 Qc4 19. Na5 Qc7 20. Nxb7 Qxb7 21. Qe2
Rhg8 22. Bxe5 dxe5 23. Qc4+ Kb8 24. d6 Qb6+ 25. Kh1 Bxd6 26. a5 Qb5 27. Qe4 g4
28. Qa8+ Kc7 29. Qa7+ Kc8 30. Be4 Rd7 31. Bf5 Rgd8 32. Rad1 Bc5 33. Bxd7+ Rxd7
34. Qxd7+ Qxd7 35. Rxd7 Kxd7 36. Rxf7+ Ke6 37. Rh7 Be3 38. g3 Kd5 39. Rb7 Ke4
40. Kg2 Bd2 41. Rb6 Bc1 42. Rxb4+ Ke3 43. Kf1 e4 44. Rb6 Kd2 45. Rxa6 Kd1 46.
Rd6+ Bd2 47. a6 e3 48. Re6 1-0

[Event "FESTIVAL ACCADEMIA 200"]
[Site "?"]
[Date "2019.05.01"]
[Round "9"]
[White "BONAPOSTA, FABRIZIO."]
[Black "ROBERTI, BRUNO."]
[Result "1/2-1/2"]
[WhiteElo "2046"]
[BlackElo "1850"]
[PlyCount "81"]

1. e4 c5 2. b4 cxb4 3. a3 d5 4. exd5 Qxd5 5. Nf3 Bg4 6. axb4 Bxf3 7. Qxf3 Qxf3
8. gxf3 Nc6 9. c3 g6 10. d4 Nf6 11. b5 Nd8 12. Na3 Bg7 13. Nc4 Nd5 14. Bd2 O-O
15. Ra3 Ne6 16. Na5 Rfc8 17. Bc4 Nb6 18. Bxe6 fxe6 19. Nxb7 Nc4 20. Rb3 e5 21.
Ke2 exd4 22. cxd4 Nxd2 23. Kxd2 Bxd4 24. Na5 Bxf2 25. Nc6 Bh4 26. Ra1 Rc7 27.
b6 Rxc6 28. b7 Rb8 29. Rxa7 Rd6+ 30. Kc2 Bf2 31. Ra8 Rdd8 32. Rxb8 Rxb8 33. Kd3
Kf7 34. Kc4 Bg1 35. h3 Bh2 36. Kd5 e6+ 37. Kc6 Ke7 38. Rd3 Rd8 39. Ra3 Rb8 40.
Rd3 Rd8 41. Ra3 1/2-1/2

[Event "FESTIVAL ACCADEMIA 200"]
[Site "?"]
[Date "2019.05.01"]
[Round "9"]
[White "FOGLIA, MAURIZIO."]
[Black "MARTA, DANIELE."]
[Result "1/2-1/2"]
[WhiteElo "1959"]
[BlackElo "1937"]
[PlyCount "74"]

1. d4 Nf6 2. Bg5 e6 3. Nd2 c5 4. e3 Be7 5. Ngf3 b6 6. c3 d5 7. Ne5 O-O 8. Bd3
Ba6 9. Bxa6 Nxa6 10. Nc6 Qd7 11. Nxe7+ Qxe7 12. O-O e5 13. dxe5 Qxe5 14. Nf3
Qf5 15. Bxf6 gxf6 16. Qa4 Nc7 17. Rfd1 Rfd8 18. Qh4 Kh8 19. Nd2 Qg5 20. Qh3 Ne6
21. f4 Qg7 22. Nf3 Rd6 23. Rd2 Rad8 24. Rad1 Qf8 25. Qg3 Ng7 26. Qf2 Qe7 27.
Re1 Qe4 28. Rde2 Qc4 29. a3 Qb5 30. e4 dxe4 31. Rxe4 Rd1 32. h3 Rxe1+ 33. Rxe1
Re8 34. Rxe8+ Nxe8 35. Qd2 Qc6 36. Qe3 Qe6 37. Qd2 Nd6 1/2-1/2

[Event "FESTIVAL ACCADEMIA 200"]
[Site "?"]
[Date "2019.05.01"]
[Round "9"]
[White "CASTELLANO, LORENZO."]
[Black "TOSI, FRANCESCO."]
[Result "1-0"]
[WhiteElo "1841"]
[BlackElo "1954"]
[PlyCount "103"]

1. e4 c5 2. Nc3 e6 3. f4 d5 4. Bb5+ Bd7 5. Bxd7+ Qxd7 6. exd5 exd5 7. Qe2+ Be7
8. Nf3 Nc6 9. O-O Nf6 10. Ne5 Nd4 11. Nxd7 Nxe2+ 12. Nxe2 Kxd7 13. d3 h5 14.
Bd2 b5 15. f5 Rhe8 16. Nf4 Bd6 17. Rae1 Be5 18. c3 a5 19. Rf2 a4 20. Rfe2 Kd6
21. Nh3 d4 22. Ng5 Ra7 23. Ne4+ Kd5 24. Nxc5 Bxh2+ 25. Kxh2 Ng4+ 26. Kg3 Rxe2
27. Rxe2 Kxc5 28. Kh4 a3 29. b3 Rd7 30. Kxh5 Nf6+ 31. Kg5 Kd5 32. c4+ bxc4 33.
bxc4+ Kc6 34. Bb4 Ra7 35. Re7 Ra4 36. Bd2 Nd7 37. Rxf7 Ne5 38. Rxg7 Nxd3 39. f6
Nc5 40. f7 Ra8 41. Rg8 Rf8 42. Kf6 Ne4+ 43. Ke5 Rxf7 44. Kxe4 Rf2 45. Kd3 Kc5
46. Rc8+ Kb6 47. g4 Rg2 48. g5 Kb7 49. Rg8 Kc6 50. g6 Kc5 51. g7 Rg3+ 52. Kc2
1-0